01392cam a22002891 450000100060000000300080000600500170001400800410003103500190007204000360009104100110012708200200013824501810015826000480033930000440038750001000043150000230053150400510055465000340060570000330063970000420067271000770071494200120079199900170080395201360082095201460095612557BD-RjUL20211208235321.0140129s1965 ne ac b 001 0 eng  a(BD-RjUL)12606 aDLC/ICUcICUdDLCdBD-RjULbeng0 aengfre00a591.1bREG 196510aRegeneration in animals and related problems :ban international symposium /cedited by V. Kiortsis and H. A. L. Trampusch in collaboration with H. Herlant-Meewis and others... aAmsterdam :bNorth-Holland Pub. Co.,c1965. axxiv, 568 p. :billus., port. ;c23 cm. a"Sponsored by NATO's Division of Scientific Affairs and held at Athens, Greece, in April 1964." aEnglish or French. aIncludes bibliographical references and index. 0aRegeneration (Biology)9359081 aKiortsis, V.qVassili9391101 aTrampusch, H. A. L.ejoint ed.9391112 aNorth Atlantic Treaty Organization.bScientific Affairs Division.928746 2ddccBK c12557d12557 00102ddc40708NFICaRUCLbRUCLcStackd1980-10-30eNetherlandg0.00l0o591.1 REG 1965r2014-01-29 00:00:00tC-2w2014-01-29yBK 00102ddc40718NFICaRUCLbRUCLcReadingd1968-10-26eBook view, Dhakag112.00l0o591.1 REG 1965r2017-03-13 00:00:00tC-1w2017-03-13yBK